000 00379nam a2200145Ia 4500
008 230711s9999||||xx |||||||||||||| ||und||
041 _aENG
082 _a658
_bNA-P
100 _aNair,N.G
245 0 _aProduction and operations management
250 _a1st
260 _c1996
_aNew Delhi
_bTata McGraw Hill Education Limited
650 _aUNIVESITY BUSNIESS SCHOOL
942 _cBK
999 _c2102
_d2102